000 00533nam a2200217Ia 4500
003 OSt
005 20220928141638.0
006 a|||||r|||| 00| 0
007 ta
008 220927b |||||||| |||| 00| 0 eng d
024 _a16488
037 _cTextual
040 _aSDCL
_cSDCL
_beng
041 _2eng
_aeng
082 _aO1442,1N22x, 152M8
100 _aPopa Vaco
_9501310
245 0 _aNanhi dibiya.
260 _c1988
942 _hO1442,1N22x, 152M8
_cTEXL
_2CC
999 _c818838
_d818838